Erosion Hidrica Superficial en la Microcuenca del Cauce Sabana Grande, Managua
La presente investigación aborda sobre la Erosión Hídrica Superficial en la Microcuenca del Cauce de Sabana Grande, Managua”, es el primer estudio desarrollado de erosión en esta microcuenca, para investigar y mostrar datos reales que le permitan a los dueños agricultores de estas parcelas, co...
| Main Authors: | , |
|---|---|
| Other Authors: | |
| Format: | Tesis Section = Libro |
| Language: | Undetermined Spanish |
| Published: |
Managua
UNI
2020
|
| Subjects: |
| LEADER | 01232nam a2200277Ia 4500 | ||
|---|---|---|---|
| 008 | 240830s9999 xx 000 0 und d | ||
| 040 | |a BIBLIOTECA-RUPAP Mon 631.45 B516 | ||
| 041 | |a spa | ||
| 082 | |a Mon 631.45 B516 | ||
| 100 | 1 | |a Benavidez Gonzalez Francis Mireya | |
| 100 | 1 | |b Lumbi Alvarez, Martha Fabiola | |
| 245 | 1 | 0 | |a Erosion Hidrica Superficial en la Microcuenca del Cauce Sabana Grande, Managua |
| 260 | |a Managua |b UNI |c 2020 | ||
| 300 | |a 68 p. :il. | ||
| 500 | |a Contiene: anexos y CD. | ||
| 502 | |a Tesis (Ingeniero Agrícola)- UNI, 2020. | ||
| 520 | 3 | |a La presente investigación aborda sobre la Erosión Hídrica Superficial en la Microcuenca del Cauce de Sabana Grande, Managua”, es el primer estudio desarrollado de erosión en esta microcuenca, para investigar y mostrar datos reales que le permitan a los dueños agricultores de estas parcelas, conocer más acerca del tipo de cultivo que se puede sembrar en estos suelo | |
| 650 | 7 | |a EROSION DE SUELOS | |
| 650 | 7 | |b CONSERVACION DE SUELOS-NICARAGUA | |
| 650 | 7 | |c EROSION HIDROLOGICA | |
| 650 | 7 | |d EROSION HIDRICA | |
| 650 | 7 | |e USU DE SUELOS | |
| 700 | 1 | |a Tutor: |b Blanco Chavez, Miguel Enrique | |
| 942 | |c BK |2 ddc | ||
| 991 | |a TESIS | ||
| 999 | |c 16648 | ||